[Event "Groningen NED"]
[Site "?"]
[Date "1998.??.??"]
[Round "?"]
[White "Hoeksema Erik"]
[Black "Ernst Sipke"]
[Result "0-1"]
[WhiteElo "2405"]
[BlackElo "2300"]
[PlyCount "58"]
[EventDate "1998.??.??"]
[Source "www.chesslib.no"]
[SourceDate "2004.05.04"]

1. d4 d5 2. e4 dxe4 3. Nc3 Nf6 4. f3 exf3 5. Nxf3 g6 6. Bf4 Bg7 7. Qd2 O-O 8. O-O-O Bg4 9. Be2 c6 10. h3 Bxf3 11. Bxf3 Nd5 12. Bg5 Nxc3 13. Qxc3 h6 14. Bh4 Qd6 15. Qe3 e6 16. c4 Nd7 17. c5 Qc7 18. Be7 Rfe8 19. Bd6 Qa5 20. Kb1 e5 21. Qb3 exd4 22. Qxb7 Nxc5 23. Qxc6 Rac8 24. Qd5 Qb6 25. Rhf1 d3 26. Rd2 Na4 27. Qxf7+ Kh8 28. Ba3 Nc3+ 29. Ka1 Qe3 0-1

[Event "NED-ch team"]
[Site "?"]
[Date "2000.03.18"]
[Round "5"]
[White "Krudde Fitzgerald"]
[Black "Kuijf Marinus N"]
[Result "0-1"]
[WhiteElo "2252"]
[BlackElo "2452"]
[PlyCount "48"]
[EventDate "2000.??.??"]
[Source "www.chesslib.no"]
[SourceDate "2004.05.04"]

1. d4 d5 2. e4 dxe4 3. Nc3 Bf5 4. f3 exf3 5. Qxf3 Qc8 6. Bc4 Nf6 7. Nge2 e6 8. O-O Nc6 9. Bb5 Rb8 10. d5 a6 11. Ba4 Bg4 12. dxc6 b5 13. Qe3 bxa4 14. Ng3 a3 15. bxa3 h5 16. Rxf6 gxf6 17. h3 Qd8 18. hxg4 hxg4 19. Qe4 Qd6 20. Nce2 Qd1+ 21. Kf2 Bc5+ 22. Be3 Bxe3+ 23. Qxe3 Qxa1 24. Qa7 Qb2 0-1

[Event "URS"]
[Site "?"]
[Date "1962.??.??"]
[Round "?"]
[White "Bojarinov Victor A"]
[Black "Utemov Vladimir"]
[Result "1-0"]
[WhiteElo "2316"]
[BlackElo "2385"]
[PlyCount "29"]
[EventDate "1962.??.??"]
[Source "www.chesslib.no"]
[SourceDate "2004.05.04"]

1. d4 d5 2. e4 dxe4 3. Nc3 Bf5 4. f3 exf3 5. Qxf3 Bc8 6. Bf4 Nf6 7. O-O-O c6 8. d5 Bg4 9. dxc6 Qb6 10. Nd5 Bxf3 11. Nxb6 axb6 12. c7 Nc6 13. Nxf3 Na7 14. Ne5 e6 15. Rd8+ 1-0

[Event "Ryder Gambit"]
[Site "?"]
[Date "2001.??.??"]
[Round "?"]
[White "Maciulewicz Christopher"]
[Black "Johnsrud Jeffory"]
[Result "0-1"]
[WhiteElo "2300"]
[BlackElo "2400"]
[PlyCount "42"]
[EventDate "2001.??.??"]
[Source "www.chesslib.no"]
[SourceDate "2004.05.04"]

1. d4 d5 2. e4 dxe4 3. Nc3 Nf6 4. f3 exf3 5. Qxf3 Qxd4 6. Be3 Qd7 7. Bc4 Qg4 8. Qf1 e6 9. Be2 Qb4 10. O-O-O Qa5 11. Kb1 Bd7 12. Nf3 Bc6 13. Nb5 Bd5 14. Nc3 Be7 15. Bd2 Qb6 16. Ne5 O-O 17. Nxd5 Nxd5 18. Bd3 Bf6 19. Nc4 Qb5 20. g4 Nb6 21. Bc1 Nxc4 0-1

[Event "Ryder Gambit"]
[Site "?"]
[Date "2001.??.??"]
[Round "?"]
[White "Johnsrud Jeffory"]
[Black "Maciulewicz Christopher"]
[Result "1-0"]
[WhiteElo "2400"]
[BlackElo "2300"]
[PlyCount "49"]
[EventDate "2001.??.??"]
[Source "www.chesslib.no"]
[SourceDate "2004.05.04"]

1. d4 d5 2. e4 dxe4 3. Nc3 Nf6 4. f3 exf3 5. Qxf3 Qxd4 6. Be3 Qd7 7. Rd1 Qg4 8. Nb5 Na6 9. a3 Qxf3 10. Nxf3 e6 11. Nxa7 Bd7 12. Nb5 Nd5 13. Bf2 Bxb5 14. Bxb5+ c6 15. c4 Nf4 16. Bxa6 Rxa6 17. g3 Ng6 18. Rd3 Ra4 19. Nd2 Ne5 20. Rb3 Bb4 21. Rxb4 Nd3+ 22. Ke2 Nxb4 23. axb4 Rxb4 24. b3 b6 25. Bd4 1-0

[Event "Neckar Open"]
[Site "?"]
[Date "1998.04.09"]
[Round "5"]
[White "Szenetra Werner"]
[Black "Ginsburg Gennadij"]
[Result "0-1"]
[WhiteElo "2230"]
[BlackElo "2470"]
[PlyCount "41"]
[EventDate "1998.??.??"]
[Source "www.chesslib.no"]
[SourceDate "2004.05.04"]

1. d4 d5 2. e4 dxe4 3. Nc3 e5 4. Qh5 Nf6 5. Qxe5+ Be7 6. Bf4 Nc6 7. Bb5 O-O 8. Bxc6 Bd6 9. Qg5 h6 10. Qh4 bxc6 11. Bxd6 cxd6 12. Nge2 Rb8 13. b3 Ba6 14. O-O Re8 15. Rfe1 e3 16. fxe3 Rxe3 17. Qf4 Qe7 18. d5 c5 19. Kf2 Rb4 20. Qf5 g6 21. Qxf6 0-1

[Event "Zalakaros op 16th"]
[Site "?"]
[Date "1997.??.??"]
[Round "9"]
[White "Meszaros Gyula"]
[Black "Forintos Gyozo V"]
[Result "1-0"]
[WhiteElo "2295"]
[BlackElo "2400"]
[PlyCount "63"]
[EventDate "1997.??.??"]
[Source "www.chesslib.no"]
[SourceDate "2004.05.04"]

1. d4 d5 2. e4 dxe4 3. Nc3 Nf6 4. f3 Bf5 5. fxe4 Nxe4 6. Qf3 Nd6 7. Bf4 e6 8. O-O-O c6 9. g4 Bg6 10. Qe3 Qb6 11. Nf3 Nd7 12. Ne5 Nxe5 13. Qxe5 O-O-O 14. Na4 Qc7 15. Qc5 Qb8 16. Qa5 Re8 17. h4 Be4 18. Rh3 Bd5 19. Qe1 b5 20. Nc5 Qb6 21. Ra3 h6 22. Ra6 Qc7 23. a4 e5 24. Bxe5 f6 25. axb5 cxb5 26. Bxd6 Bxd6 27. Qb4 Bf3 28. Bxb5 Bf4+ 29. Kb1 Re3 30. Rf1 Qe7 31. Bd7+ Kd8 32. Rxa7 1-0

[Event "HUN-chT1"]
[Site "HUN"]
[Date "1995.??.??"]
[Round "?"]
[White "Meszaros, Gyula"]
[Black "Petran, Pal"]
[Result "0-1"]
[WhiteElo "2220"]
[BlackElo "2470"]
[PlyCount "60"]
[EventDate "1995.??.??"]
[Source "www.chesslib.no"]
[SourceDate "2004.05.04"]

1. d4 d5 2. e4 dxe4 3. Nc3 Nf6 4. f3 exf3 5. Nxf3 Bg4 6. h3 Bxf3 7. Qxf3 c6 8. g4 e6 9. g5 Nd5 10. Bd3 f5 11. Bd2 Bb4 12. O-O O-O 13. Rae1 Nc7 14. Qe3 Nd7 15. Ne2 f4 16. Nxf4 Qxg5+ 17. Kh1 Bxd2 18. Qxd2 Nd5 19. Qg2 Qxg2+ 20. Nxg2 Rxf1+ 21. Bxf1 Re8 22. c4 Nb4 23. a3 Nc2 24. Rd1 e5 25. dxe5 Nxe5 26. c5 b6 27. cxb6 axb6 28. Rd2 Na1 29. Nf4 Nb3 30. Rd6 Rf8 0-1

[Event "Andorra op 18th"]
[Site "Andorra"]
[Date "2000.06.25"]
[Round "2"]
[White "Canal Oliveras, Joan"]
[Black "Perez, Luis Manuel"]
[Result "0-1"]
[WhiteElo "2222"]
[BlackElo "2459"]
[PlyCount "150"]
[EventDate "2000.06.24"]
[Source "ChessBase"]
[SourceDate "2000.07.11"]

1. d4 d5 2. e4 dxe4 3. Nc3 Bf5 4. g4 Bg6 5. Bg2 e5 6. dxe5 Qxd1+ 7. Kxd1 Nc6 8. Bf4 O-O-O+ 9. Ke1 Re8 10. h4 h6 11. e6 Rxe6 12. Bh3 Re8 13. Rd1 Bb4 14. h5 Bh7 15. g5+ Kb8 16. Rd7 hxg5 17. Bxc7+ Ka8 18. Rxf7 Nf6 19. h6 Bg8 20. Rxg7 Rxh6 21. Rxg5 e3 22. Bg2 Rxh1 23. Bxh1 Nd4 24. fxe3 Nxc2+ 25. Kf2 Bxc3 26. bxc3 Nxe3 27. Bf3 Bxa2 28. Ra5 Ned5 29. Bxd5 Bxd5 30. Bb6 a6 31. Bd4 Ne4+ 32. Kf1 Bc4+ 33. Kg2 Bb5 34. Nh3 Rc8 35. Ra3 Rf8 36. Ra1 Bc6 37. Kh2 Nd2 38. Ng5 Nb3 39. Re1 Nxd4 40. cxd4 Rf2+ 41. Kg3 Rd2 42. Ne6 Kb8 43. Re5 Kc8 44. Kf4 Kd7 45. Ke3 Ra2 46. Nf4 Ra3+ 47. Kd2 Rf3 48. Rf5 Kd6 49. Ke2 Rb3 50. Rf6+ Ke7 51. Rh6 Bb5+ 52. Kd2 Bc4 53. Rh7+ Kf6 54. Rc7 b5 55. Rc5 a5 56. Kc2 a4 57. Nd5+ Bxd5 58. Rxd5 Ke6 59. Rc5 Kd6 60. Rh5 Kc6 61. Rc5+ Kb6 62. Rc8 Rg3 63. Rb8+ Ka5 64. d5 Rg5 65. d6 Rc5+ 66. Kb2 Rd5 67. Rd8 Kb6 68. Kc3 Kc6 69. Rc8+ Kd7 70. Rb8 Kxd6 71. Kb4 Kc6 72. Rh8 Rd4+ 73. Ka5 a3 74. Rh6+ Kc5 75. Rh5+ Kc4 0-1

[Event "Fouesnant"]
[Site "?"]
[Date "2003.10.30"]
[Round "8.1"]
[White "Tripoteau Nicolas"]
[Black "Bratanov Zsivko"]
[Result "1/2-1/2"]
[WhiteElo "2284"]
[BlackElo "2393"]
[PlyCount "48"]
[EventDate "2003.??.??"]
[Source "www.chesslib.no"]
[SourceDate "2004.05.04"]

1. d4 d5 2. e4 dxe4 3. Nc3 Nf6 4. f3 exf3 5. Nxf3 Bg4 6. h3 Bxf3 7. Qxf3 c6 8. Qf2 e6 9. Bd3 Nbd7 10. Rf1 Qc7 11. g4 Bd6 12. Ne4 O-O-O 13. Nxd6+ Qxd6 14. Bf4 Qb4+ 15. c3 Qa4 16. Bd6 e5 17. Bc2 Qc4 18. O-O-O Qxa2 19. dxe5 Qa1+ 20. Bb1 Ne4 21. Qxf7 Rhe8 22. Be7 Nxc3 23. bxc3 Qxc3+ 24. Bc2 Qa1+ 1/2-1/2

[Event "Budapest FS05 IM"]
[Site "Budapest"]
[Date "1996.??.??"]
[Round "5"]
[White "Molnar, Bela"]
[Black "Tcebekov, Khongor"]
[Result "1-0"]
[WhiteElo "2360"]
[BlackElo "2315"]
[PlyCount "45"]
[EventDate "1996.05.??"]
[Source "ChessBase"]

1. e4 d5 2. d4 dxe4 3. Nc3 Nf6 4. f3 exf3 5. Nxf3 g6 6. Bc4 Bg7 7. O-O O-O 8. Qe1 Bf5 9. Bb3 Nc6 10. Qh4 Bg4 11. Be3 Bxf3 12. Rxf3 Nh5 13. Rd1 Na5 14. g4 Nf6 15. Rd2 Nxb3 16. axb3 Qd7 17. Rg2 Rae8 18. Rh3 h5 19. gxh5 Nxh5 20. Rg5 e5 21. d5 Qd6 22. Ne4 Qxd5 23. Qxh5 1-0

[Event "4th NAO IM"]
[Site "Paris"]
[Date "2003.12.18"]
[Round "4"]
[White "Onkoud, Abdelaziz"]
[Black "Colin, Vincent"]
[Result "1-0"]
[WhiteElo "2323"]
[BlackElo "2351"]
[PlyCount "107"]
[EventDate "2003.12.15"]
[Source "Roberto Alvarez"]
[SourceDate "2003.12.31"]

1. d4 d5 2. e4 dxe4 3. Nc3 Nf6 4. f3 c6 5. Bg5 Qb6 6. Qd2 Qxb2 7. Rb1 Qa3 8. fxe4 e6 9. Bd3 Nbd7 10. Nge2 e5 11. dxe5 Nxe5 12. Bxf6 gxf6 13. O-O Bc5+ 14. Kh1 Bb6 15. Qf4 Qe7 16. h3 Be6 17. Na4 Bc7 18. Rxb7 Bc8 19. Rxc7 Qxc7 20. Ng3 Rg8 21. Nh5 Rg6 22. Nxf6+ Kf8 23. Nc5 Qe7 24. Qxe5 Qxe5 25. Nfd7+ Ke8 26. Nxe5 Rg5 27. Rf5 Bxf5 28. exf5 Rg3 29. Ne4 Rxd3 30. Nxd3 Rd8 31. g4 a5 32. a4 h6 33. Kg2 Rd4 34. Ndc5 Kf8 35. Kg3 Rd1 36. h4 Rf1 37. Nb3 h5 38. Nxa5 Rg1+ 39. Kf4 Rxg4+ 40. Ke5 Rxh4 41. Nxc6 Rh1 42. a5 h4 43. a6 Ra1 44. a7 h3 45. Nf2 h2 46. Kd6 Kg7 47. Kc7 Kf6 48. Ng4+ Kxf5 49. Nxh2 Kf4 50. Kb6 Rxa7 51. Nxa7 Kg3 52. Nf1+ Kf2 53. c4 Kxf1 54. Nc6 1-0

[Event "Poysdorf Open"]
[Site "Poysdorf"]
[Date "1994.??.??"]
[Round "3"]
[White "Marek, Jiri"]
[Black "Horvath, Imre"]
[Result "1/2-1/2"]
[WhiteElo "2280"]
[BlackElo "2390"]
[PlyCount "83"]
[EventDate "1994.??.??"]
[Source "www.chesslib.no"]
[SourceDate "2004.05.04"]

1. d4 d5 2. e4 dxe4 3. Nc3 Nf6 4. Bg5 c6 5. Nge2 Bf5 6. Ng3 Bg6 7. Bc4 Nbd7 8. O-O e6 9. Ncxe4 Be7 10. Nxf6+ Nxf6 11. c3 O-O 12. Qe2 Nd5 13. Bxe7 Qxe7 14. f4 Qh4 15. Qf3 Ne7 16. Rae1 Rad8 17. Re5 Nf5 18. Nxf5 Bxf5 19. g3 Qg4 20. Qxg4 Bxg4 21. Kg2 Bf5 22. h3 h5 23. Rh1 c5 24. g4 Bh7 25. Rd1 cxd4 26. Rxd4 hxg4 27. hxg4 Bc2 28. Rxd8 Rxd8 29. Kf2 Bd1 30. g5 Bg4 31. g6 fxg6 32. Bxe6+ Bxe6 33. Rxe6 Rd2+ 34. Re2 Rd5 35. Kf3 Kf7 36. Rg2 Kf6 37. Ke4 Rd1 38. Rg5 Rd6 39. a4 Re6+ 40. Kd4 Rd6+ 41. Ke4 Re6+ 42. Kd4 1/2-1/2

[Event "Poysdorf Open"]
[Site "Poysdorf"]
[Date "1994.??.??"]
[Round "4"]
[White "Kiss, Laszlo"]
[Black "Fancsy, Imre"]
[Result "1/2-1/2"]
[WhiteElo "2265"]
[BlackElo "2400"]
[PlyCount "36"]
[EventDate "1994.??.??"]
[Source "www.chesslib.no"]
[SourceDate "2004.05.04"]

1. d4 d5 2. e4 dxe4 3. Nc3 Nf6 4. f3 e3 5. Bxe3 Bf5 6. Nge2 e6 7. Ng3 Bg6 8. Bd3 Bxd3 9. Qxd3 c6 10. O-O Nbd7 11. Nge4 Be7 12. Nxf6+ Nxf6 13. Ne4 O-O 14. Nxf6+ Bxf6 15. Qe4 Qd5 16. Qxd5 exd5 17. c3 Rfe8 18. Rfe1 Re6 1/2-1/2

[Event "POR Ch"]
[Site "Portugal"]
[Date "1992.??.??"]
[Round "4"]
[White "Parcerias, Pedro"]
[Black "Galego, Luis"]
[Result "0-1"]
[WhiteElo "2255"]
[BlackElo "2405"]
[PlyCount "68"]
[EventDate "1992.??.??"]
[Source "www.chesslib.no"]
[SourceDate "2004.05.04"]

1. e4 d5 2. d4 dxe4 3. Nc3 Nf6 4. f3 exf3 5. Nxf3 Bg4 6. Be3 e6 7. Bd3 c6 8. O-O Qc7 9. Qe1 Bxf3 10. Rxf3 Nbd7 11. Qh4 O-O-O 12. a4 Bd6 13. a5 h6 14. h3 Rhe8 15. Kh1 Kb8 16. Qf2 a6 17. Na4 Nd5 18. Rxf7 Rf8 19. Bd2 Nf4 20. Rxf8 Rxf8 21. Bxf4 Rxf4 22. Qe3 Qxa5 23. Qxe6 Kc7 24. c3 Qg5 25. Qg6 Qxg6 26. Bxg6 b5 27. Nc5 Bxc5 28. dxc5 Nxc5 29. Re1 Kd6 30. Kg1 Rf6 31. Bc2 a5 32. g4 a4 33. h4 Rf4 34. Bf5 g6 0-1

[Event "Ryder Gambit"]
[Site "?"]
[Date "2001.??.??"]
[Round "?"]
[White "Marcotulli Giancarlo"]
[Black "Johnsrud Jeffory"]
[Result "1-0"]
[WhiteElo "2250"]
[BlackElo "2400"]
[PlyCount "57"]
[EventDate "2001.??.??"]
[Source "www.chesslib.no"]
[SourceDate "2004.05.04"]

1. d4 d5 2. e4 dxe4 3. Nc3 Nf6 4. f3 exf3 5. Qxf3 Qxd4 6. Be3 Qg4 7. Qf2 e5 8. Nf3 Nc6 9. h3 Qb4 10. O-O-O Bd6 11. g4 h6 12. Bb5 a6 13. Bxc6+ bxc6 14. a3 Qb8 15. g5 Nd5 16. Nxd5 cxd5 17. gxh6 gxh6 18. Qh4 e4 19. Qf6 Rg8 20. Ne5 Be6 21. Nxf7 Bxf7 22. Rdf1 Rf8 23. Bxh6 Kd7 24. Bxf8 Qxf8 25. Rhg1 Qe7 26. Qxf7 Qxf7 27. Rxf7+ Ke6 28. Rh7 Re8 29. Kd1 1-0

[Event "Ryder Gambit"]
[Site "?"]
[Date "2001.??.??"]
[Round "?"]
[White "Johnsrud Jeffory"]
[Black "Marcotulli Giancarlo"]
[Result "0-1"]
[WhiteElo "2400"]
[BlackElo "2250"]
[PlyCount "54"]
[EventDate "2001.??.??"]
[Source "www.chesslib.no"]
[SourceDate "2004.05.04"]

1. d4 d5 2. e4 dxe4 3. Nc3 Nf6 4. f3 exf3 5. Qxf3 Qxd4 6. Be3 Qe5 7. h3 Qa5 8. g4 c6 9. O-O-O Be6 10. Kb1 Nbd7 11. Nge2 Nd5 12. Bg2 Ne5 13. Qg3 Nxe3 14. Qxe3 Nc4 15. Qf3 Qb6 16. b3 g6 17. Nd4 Bd7 18. Rhe1 Bg7 19. Na4 Qa5 20. Qe2 Na3+ 21. Kb2 e6 22. Kxa3 c5 23. Nc6 bxc6 24. Qd2 Qxd2 25. Rxd2 O-O-O 26. Rf1 f5 27. Nxc5 Bf8 0-1

[Event "II Open internazionale"]
[Site "Lugano SVI"]
[Date "2008.03.13"]
[Round "1.4"]
[White "Trumpf, Walter"]
[Black "Godena, Michele"]
[Result "0-1"]
[WhiteElo "2090"]
[BlackElo "2559"]
[PlyCount "68"]
[EventDate "2008.03.13"]
[Source "www.chesslib.no"]
[SourceDate "2004.05.04"]

1. d4 d5 2. e4 dxe4 3. Nc3 Nf6 4. f3 exf3 5. Nxf3 g6 6. Bc4 Bg7 7. O-O O-O 8. Qe1 Bg4 9. Qh4 Nc6 10. Be3 Bxf3 11. Rxf3 e5 12. d5 Nd4 13. Bxd4 exd4 14. Qxd4 Ne8 15. Qd2 Nd6 16. Bb3 Qh4 17. Rd1 Rfe8 18. Qf2 Qg4 19. h3 Qg5 20. Qd2 Qxd2 21. Rxd2 Re1+ 22. Rf1 Bxc3 23. bxc3 Re4 24. Rdf2 Kg7 25. Rf4 Rae8 26. Rxe4 Rxe4 27. Rf3 b5 28. Kf2 a5 29. a3 a4 30. Ba2 f5 31. Rd3 Kf6 32. Kf3 Re1 33. c4 bxc4 34. Rd4 Ke5 0-1

[Event "HUN-chT 9899"]
[Site "?"]
[Date "1998.??.??"]
[Round "?"]
[White "Berkes Ferenc"]
[Black "Bali Janos"]
[Result "1-0"]
[WhiteElo "2290"]
[BlackElo "2350"]
[PlyCount "129"]
[EventDate "1998.??.??"]
[Source "www.chesslib.no"]
[SourceDate "2004.05.04"]

1. d4 d5 2. e4 dxe4 3. Nc3 Nf6 4. f3 e3 5. Bxe3 e6 6. Bd3 Nbd7 7. f4 g6 8. Nf3 b6 9. O-O Bb7 10. Ne5 Bg7 11. Qe2 O-O 12. Rad1 a6 13. Bf2 Ne8 14. Ne4 Nd6 15. Ng5 Nf6 16. c3 Qe8 17. Rde1 Nf5 18. Bxf5 gxf5 19. Bh4 h6 20. Ngf3 Ne4 21. Nd2 f6 22. Nec4 Qc6 23. Nxe4 fxe4 24. f5 Rae8 25. Rf4 exf5 26. Ne3 Bc8 27. Ref1 Qa4 28. a3 c5 29. dxc5 bxc5 30. Nxf5 Bxf5 31. Rxf5 e3 32. Bxf6 Qe4 33. R5f4 Qe6 34. Bxg7 Kxg7 35. Qg4+ Qxg4 36. Rxg4+ Kh7 37. Rg3 e2 38. Re1 Rf6 39. Rf3 Rb6 40. b4 a5 41. bxc5 Rb3 42. c4 Rb2 43. Kf2 Rc2 44. Rf4 Ra2 45. c6 a4 46. c7 Rc8 47. Rxe2 Rxa3 48. Re7+ Kg6 49. Rd4 Rf8+ 50. Ke1 Ra1+ 51. Kd2 a3 52. Rd6+ Kh5 53. g4+ Kh4 54. Rd8 a2 55. Rxf8 Rd1+ 56. Kxd1 a1=Q+ 57. Ke2 Qb2+ 58. Kf3 Qa3+ 59. Kf4 Qd6+ 60. Kf5 Qc5+ 61. Kf6 Qd4+ 62. Kf7 Qxc4+ 63. Kg7 Qc3+ 64. Kg8 Qc4+ 65. Kh8 1-0

[Event "Corr"]
[Site "?"]
[Date "2000.10.15"]
[Round "?"]
[White "Lannaioli Alfonsino (ITA)"]
[Black "Haraldsson Haraldur (ISL)"]
[Result "1/2-1/2"]
[WhiteElo "2296"]
[BlackElo "2340"]
[PlyCount "38"]
[EventDate "2000.??.??"]
[Source "www.chesslib.no"]
[SourceDate "2004.05.04"]

1. d4 d5 2. e4 dxe4 3. Nc3 Nf6 4. f3 exf3 5. Nxf3 e6 6. Bg5 Be7 7. Bd3 Nc6 8. Qd2 h6 9. Bh4 a6 10. O-O-O g5 11. Bg3 Bb4 12. a3 Ba5 13. Rdf1 Nd5 14. h4 gxh4 15. Rxh4 Rg8 16. Qe1 Nxc3 17. bxc3 Ne7 18. Qe5 Qd5 19. c4 Qxe5 1/2-1/2

[Event "Balatonfuzfo"]
[Site "Balatonfuzfo"]
[Date "1993.??.??"]
[Round "1"]
[White "Kurucsai, Istvan"]
[Black "Izsak, Gyula"]
[Result "0-1"]
[WhiteElo "2240"]
[BlackElo "2395"]
[PlyCount "136"]
[EventDate "1993.??.??"]
[Source "www.chesslib.no"]
[SourceDate "2004.05.04"]

1. d4 d5 2. e4 dxe4 3. Nc3 Nf6 4. Bg5 Bf5 5. f3 e3 6. Bxe3 e6 7. Nge2 Nc6 8. Ng3 Bg6 9. Bb5 Qd7 10. O-O a6 11. Ba4 b5 12. Bb3 Rd8 13. Nce2 Bd6 14. c3 Na5 15. Bg5 Be7 16. Nf4 c5 17. Nxg6 hxg6 18. Be3 Qc7 19. Qe1 Nb7 20. Rd1 c4 21. Bc2 Nd5 22. a3 Bd6 23. Bf2 Bf4 24. Qe2 a5 25. Rfe1 O-O 26. Bb1 b4 27. axb4 axb4 28. Qc2 Rfe8 29. Nf1 bxc3 30. bxc3 Qa5 31. g3 Bd6 32. Ne3 Nxc3 33. Nxc4 Qb4 34. Rd3 Qxc4 35. Rxc3 Qb5 36. Ba2 Na5 37. Rb1 Qh5 38. Kg2 Rb8 39. Rxb8 Rxb8 40. Rc8+ Kh7 41. Rxb8 Bxb8 42. d5 exd5 43. Qa4 Nc4 44. Qe8 Qe5 45. Qxf7 Qe2 46. Bb1 Ne3+ 47. Kh3 Qf1+ 48. Kh4 Ng2+ 49. Kg4 Qxb1 50. Bd4 Qf5+ 51. Qxf5 gxf5+ 52. Kxf5 Ne1 53. Ke6 Nxf3 54. Kxd5 Nxh2 55. Bf2 Nf1 56. Ke4 Nxg3+ 57. Kf3 Nh5 58. Kg4 Kg6 59. Bd4 Nf6+ 60. Kf3 Kf5 61. Bb2 g5 62. Ba3 g4+ 63. Kg2 Nd5 64. Bc5 Nf4+ 65. Kf1 Ke4 66. Kg1 Kf3 67. Kf1 g3 68. Bf2 g2+ 0-1

[Event "Finkenstein op"]
[Site "?"]
[Date "1998.??.??"]
[Round "?"]
[White "Szenetra Werner"]
[Black "Horvath Peter"]
[Result "0-1"]
[WhiteElo "2230"]
[BlackElo "2405"]
[PlyCount "68"]
[EventDate "1998.??.??"]
[Source "www.chesslib.no"]
[SourceDate "2004.05.04"]

1. d4 d5 2. e4 dxe4 3. Nc3 Nf6 4. f3 e3 5. Bxe3 e6 6. Bd3 Be7 7. Nge2 O-O 8. Qd2 a5 9. O-O b6 10. Rad1 Ba6 11. Bxa6 Nxa6 12. a3 c6 13. Ne4 Ra7 14. c4 Rd7 15. Qc2 Nc7 16. Qa4 Qa8 17. Bg5 Rfd8 18. Nxf6+ gxf6 19. Bh6 f5 20. Qb3 b5 21. Qe3 Ne8 22. g4 c5 23. d5 bxc4 24. gxf5 Rxd5 25. Rxd5 Qxd5 26. Bg5 f6 27. Bh6 Qxf5 28. Kh1 Rd3 29. Qf2 Bd6 30. Ng3 Qh3 31. Rg1 Kf7 32. Bc1 Bxg3 33. Rxg3 Qh5 34. Bd2 Ng7 0-1

[Event "Augsburg"]
[Site "Augsburg GER"]
[Date "1989.??.??"]
[Round "9"]
[White "Klebel, Martin"]
[Black "Senner, Peter"]
[Result "1-0"]
[WhiteElo "2360"]
[BlackElo "2270"]
[PlyCount "63"]
[EventDate "1989.??.??"]
[Source "www.chesslib.no"]
[SourceDate "2004.05.04"]

1. d4 d5 2. e4 dxe4 3. Nc3 g6 4. Nxe4 Bg7 5. Nf3 Bg4 6. Bc4 Nf6 7. Nxf6+ Bxf6 8. Bh6 Qd6 9. c3 Nd7 10. h3 Be6 11. d5 Bf5 12. Qe2 Ne5 13. Nxe5 Qxe5 14. Bb5+ Bd7 15. Bxd7+ Kxd7 16. Be3 a6 17. Qg4+ Qf5 18. Qb4 Rhb8 19. O-O Ke8 20. Rad1 Kf8 21. Rfe1 Qd7 22. Bd4 a5 23. Qa3 Ra6 24. Bxf6 Rxf6 25. Qxa5 Ra6 26. Qb4 Rxa2 27. Rd4 Qd6 28. Qb3 Ra5 29. c4 b6 30. Qe3 Qf6 31. Rf4 Qd6 32. Re4 1-0

[Event "Poysdorf Open"]
[Site "Poysdorf"]
[Date "1994.??.??"]
[Round "1"]
[White "Jedlicka, Ales"]
[Black "Horvath, Imre"]
[Result "0-1"]
[WhiteElo "2235"]
[BlackElo "2390"]
[PlyCount "70"]
[EventDate "1994.??.??"]
[Source "www.chesslib.no"]
[SourceDate "2004.05.04"]

1. d4 d5 2. e4 dxe4 3. Nc3 Nf6 4. Be3 c6 5. h3 Bf5 6. Qd2 e6 7. O-O-O Bb4 8. Nge2 Nd5 9. g4 Bg6 10. Bg2 Qa5 11. a3 Nxc3 12. Nxc3 Bxc3 13. Qxc3 Qxc3 14. bxc3 Nd7 15. Rhe1 h5 16. g5 Nb6 17. Kb2 O-O-O 18. Bf4 Rd5 19. Bxe4 Bxe4 20. Rxe4 Na4+ 21. Kc1 Nxc3 22. Rde1 Nxe4 23. Rxe4 Rf5 24. h4 Rd8 25. Be3 g6 26. c4 b6 27. Kc2 c5 28. dxc5 bxc5 29. f4 Kb7 30. Bd2 Rd4 31. Rxd4 cxd4 32. Kd3 e5 33. fxe5 Rxe5 34. Kxd4 Re2 35. Bf4 Kc6 0-1

[Event "HUN-chT 9899"]
[Site "?"]
[Date "1998.??.??"]
[Round "?"]
[White "Berkes Ferenc"]
[Black "Gross Stefan"]
[Result "0-1"]
[WhiteElo "2290"]
[BlackElo "2330"]
[PlyCount "94"]
[EventDate "1998.??.??"]
[Source "www.chesslib.no"]
[SourceDate "2004.05.04"]

1. d4 d5 2. e4 dxe4 3. Nc3 Nf6 4. f3 exf3 5. Nxf3 Bg4 6. h3 Bxf3 7. Qxf3 c6 8. g4 e6 9. g5 Nd5 10. Bg2 Nxc3 11. bxc3 Bd6 12. O-O O-O 13. Qh5 Qc7 14. Be4 g6 15. Qg4 Nd7 16. h4 Rae8 17. h5 f5 18. gxf6 Nxf6 19. Rxf6 Rxf6 20. hxg6 hxg6 21. Bg5 Rf5 22. Re1 Qh7 23. Bxf5 gxf5 24. Qf3 Kf7 25. Re2 Rg8 26. Rg2 Rg6 27. Bf4 Rxg2+ 28. Kxg2 Be7 29. Be5 Qg6+ 30. Kf1 Qh6 31. Ke2 Qh4 32. Kd3 Bg5 33. Qg2 Qh5 34. c4 Qg4 35. Qh1 Qh4 36. Qg2 Bf6 37. Bxf6 Kxf6 38. Qg8 Qe4+ 39. Kc3 Qe3+ 40. Kb4 f4 41. Qf8+ Kg5 42. Qg7+ Kh4 43. Qh6+ Kg3 44. Qg5+ Kf2 45. Qh4+ Kf1 46. Qh1+ Ke2 47. Qg2+ Kd1 0-1

[Event "HUN-chT2 9596"]
[Site "?"]
[Date "1996.??.??"]
[Round "11"]
[White "Meszaros Gyula"]
[Black "Lengyel Bela"]
[Result "0-1"]
[WhiteElo "2240"]
[BlackElo "2380"]
[PlyCount "68"]
[EventDate "1996.??.??"]
[Source "www.chesslib.no"]
[SourceDate "2004.05.04"]

1. d4 d5 2. e4 dxe4 3. Nc3 Nf6 4. f3 exf3 5. Nxf3 Bg4 6. h3 Bh5 7. g4 Bg6 8. Ne5 c6 9. Qf3 e6 10. g5 Nd5 11. Bd3 Nd7 12. Nxg6 hxg6 13. O-O Qe7 14. Nxd5 cxd5 15. c4 dxc4 16. Bxc4 Nb6 17. Bb5+ Kd8 18. Qxf7 Rc8 19. Qxg6 a6 20. Be2 Nd5 21. Bg4 Rc6 22. Bd2 Qc7 23. Rf3 Bb4 24. Raf1 Re8 25. Bxb4 Nxb4 26. R1f2 Rc1+ 27. Kg2 Qc6 28. Bh5 Re7 29. Kh2 Qc7+ 30. Rg3 Re1 31. Bf3 Qf4 32. a3 Nd5 33. Qc2 Rf7 34. Kg2 Ne3+ 0-1

[Event "Porz Open 28th"]
[Site "Porz GER"]
[Date "1992.??.??"]
[Round "5"]
[White "Auer, Martin"]
[Black "Heinzel, Olaf"]
[Result "1-0"]
[WhiteElo "2305"]
[BlackElo "2310"]
[PlyCount "109"]
[EventDate "1992.??.??"]
[Source "www.chesslib.no"]
[SourceDate "2004.05.04"]

1. e4 d5 2. d4 dxe4 3. Nc3 Nf6 4. f3 exf3 5. Nxf3 Bf5 6. Bc4 e6 7. O-O c6 8. Ne5 Bg6 9. Bg5 Be7 10. Kh1 O-O 11. Qe2 Nbd7 12. Nxg6 hxg6 13. Rad1 Nb6 14. Bb3 Nbd5 15. Nb1 Nh5 16. Bxe7 Qxe7 17. c4 Qh4 18. Rf3 Nb6 19. Nc3 Rad8 20. Qe5 Nd7 21. Qe3 Ndf6 22. g3 Qh3 23. Bc2 e5 24. d5 cxd5 25. Nxd5 e4 26. Rff1 Ng4 27. Qg1 f5 28. Rde1 b5 29. Bb3 bxc4 30. Bxc4 Kh7 31. Nf4 Nxf4 32. Rxf4 Rd2 33. Be2 Rxe2 34. Rxe2 Rd8 35. Rf1 Rd3 36. Rfe1 Ne5 37. Qg2 Qg4 38. Rf1 Nf3 39. Ref2 g5 40. Re2 Rd6 41. Ref2 Nd4 42. Rd2 e3 43. Rd3 Re6 44. Re1 e2 45. h3 Rh6 46. Kh2 f4 47. Qe4+ Nf5 48. gxf4 gxf4 49. Rxe2 Qh5 50. Rg2 Rf6 51. Qxf4 Nh4 52. Qe4+ Kh6 53. Rg4 g5 54. Rd7 Ng6 55. Qd4 1-0

[Event "Corr"]
[Site "?"]
[Date "1999.??.??"]
[Round "?"]
[White "Borwell Alan Peter"]
[Black "Brusila Heikki"]
[Result "0-1"]
[WhiteElo "2327"]
[BlackElo "2284"]
[PlyCount "72"]
[EventDate "1999.??.??"]
[Source "www.chesslib.no"]
[SourceDate "2004.05.04"]

1. d4 d5 2. e4 dxe4 3. Nc3 Nf6 4. f3 exf3 5. Nxf3 Bg4 6. h3 Bxf3 7. Qxf3 c6 8. Be3 e6 9. Bd3 Be7 10. O-O O-O 11. Rf2 Nbd7 12. g4 Nd5 13. Nxd5 cxd5 14. Raf1 Bg5 15. Bxg5 Qxg5 16. h4 Qf6 17. Qe3 Qe7 18. Qg3 Rac8 19. Re1 Nb6 20. c3 Nc4 21. Bb1 Qd6 22. Qd3 f5 23. h5 Rce8 24. Qh3 fxg4 25. Rxf8+ Rxf8 26. Qxg4 e5 27. Bf5 e4 28. Re2 Qh6 29. Be6+ Kh8 30. Bxd5 Ne3 31. Rf2 Re8 32. Qg3 Nxd5 33. Qe5 Qc6 34. Qxe4 h6 35. Qb1 Qc8 36. Qf5 Re1+ 0-1